[Event "FRA-ch U18 Girls"]
[Site "Aix les Bains"]
[Date "2009.04.23"]
[Round "6"]
[White "Armas, Lara Maria"]
[Black "Rambourg, Juliette"]
[Result "1-0"]
[WhiteElo "1966"]
[BlackElo "1866"]
[PlyCount "75"]
[EventDate "2009.04.19"]
[EventType "swiss"]
[EventRounds "9"]
[EventCountry "FRA"]
[SourceTitle "CBM 130 Extra"]
[Source "ChessBase"]
[SourceDate "2009.07.02"]
[SourceVersion "2"]
[SourceVersionDate "2009.07.15"]
[SourceQuality "1"]

1. d4 d5 2. c4 e5 3. cxd5 Qxd5 4. Nf3 e4 5. Nc3 Bb4 6. Ne5 Bxc3+ 7. bxc3 f6 8. Nd3 exd3 9. Qxd3 Bf5 10. Qg3 Qd7 11. Bf4 Na6 12. f3 Bg6 13. e4 Ne7 14. Rb1 c6 15. Bc4 Rf8 16. 0-0 b5 17. Be2 f5 18. Rfe1 Rc8 19. a4 Nc7 20. axb5 Nxb5 21. Rb3 Nxc3 22. Rxc3 Qxd4+ 23. Re3 a5 24. Kh1 fxe4 25. fxe4 Qf6 26. Be5 Qf2 27. Bxg7 Qxg3 28. Rxg3 Rf7 29. Bc3 a4 30. Bb4 c5 31. Ba3 Rf6 32. Rc3 Bxe4 33. Bb5+ Bc6 34. Rxc5 Bxb5 35. Rxb5 Kd7 36. Rb8 Kc6 37. Bxe7 Rf2 38. h3 1-0

[Event "FRA-ch U18 Girls"]
[Site "Aix les Bains"]
[Date "2009.04.20"]
[Round "2"]
[White "Richard, Emma"]
[Black "Rambourg, Juliette"]
[Result "1-0"]
[WhiteElo "2070"]
[BlackElo "1866"]
[PlyCount "77"]
[EventDate "2009.04.19"]
[EventType "swiss"]
[EventRounds "9"]
[EventCountry "FRA"]
[SourceTitle "CBM 130 Extra"]
[Source "ChessBase"]
[SourceDate "2009.07.02"]
[SourceVersion "2"]
[SourceVersionDate "2009.07.15"]
[SourceQuality "1"]

1. e4 c5 2. Nf3 g6 3. d4 cxd4 4. Qxd4 Nf6 5. Nc3 Nc6 6. Qa4 d6 7. e5 Ng4 8. exd6 Qxd6 9. Bf4 e5 10. Bg3 Bg7 11. Rd1 Qb8 12. Qa3 Bf8 13. Qb3 Bg7 14. Bb5 0-0 15. 0-0 Be6 16. Qa4 a6 17. Bxc6 bxc6 18. Nd4 Bd7 19. Nb3 Qc8 20. Nc5 Be8 21. N3e4 Qb8 22. b3 Qb5 23. Qa3 a5 24. c3 Nh6 25. Nd6 Qb6 26. Bh4 Qc7 27. Qc1 Nf5 28. Nxf5 gxf5 29. Qg5 Qc8 30. Qd2 f6 31. Qd6 Bf7 32. Bxf6 Qe8 33. Bxg7 Kxg7 34. Nd7 Rd8 35. Qf6+ Kg8 36. Nxf8 Rxd1 37. Rxd1 Qxf8 38. Rd8 Be8 39. Qe6+ 1-0

[Event "FRA-ch U18 Girls"]
[Site "Aix les Bains"]
[Date "2009.04.19"]
[Round "1"]
[White "Rambourg, Juliette"]
[Black "Richard, Celine"]
[Result "1-0"]
[WhiteElo "1866"]
[BlackElo "1588"]
[PlyCount "59"]
[EventDate "2009.04.19"]
[EventType "swiss"]
[EventRounds "9"]
[EventCountry "FRA"]
[SourceTitle "CBM 130 Extra"]
[Source "ChessBase"]
[SourceDate "2009.07.02"]
[SourceVersion "2"]
[SourceVersionDate "2009.07.15"]
[SourceQuality "1"]

1. c4 e5 2. g3 d5 3. cxd5 Qxd5 4. Nf3 Nc6 5. Nc3 Qd8 6. Bg2 Bd6 7. 0-0 Bg4 8. Qa4 Bxf3 9. Bxf3 Nge7 10. d3 Bb4 11. Bg5 f6 12. Be3 0-0 13. Rad1 a6 14. Qb3+ Kh8 15. a3 Bxc3 16. bxc3 Rb8 17. d4 Qc8 18. d5 Na5 19. Qb4 b6 20. Qxe7 Nc4 21. Qe6 f5 22. Qxc8 Rbxc8 23. Rfe1 e4 24. Bg2 h6 25. Rd4 b5 26. Red1 g5 27. g4 fxg4 28. Rxe4 h5 29. Bxg5 Nxa3 30. Be7 1-0

[Event "FRA-ch U16 Girls"]
[Site "La Roche sur Yon"]
[Date "2008.04.25"]
[Round "7"]
[White "Rambourg, Juliette"]
[Black "Soubirou, Oriane"]
[Result "0-1"]
[WhiteElo "1811"]
[BlackElo "1820"]
[PlyCount "93"]
[EventDate "2008.04.21"]
[EventType "swiss"]
[EventRounds "9"]
[EventCountry "FRA"]
[SourceTitle "EXT 2010"]
[Source "ChessBase"]
[SourceDate "2010.11.25"]
[SourceVersion "1"]
[SourceVersionDate "2010.11.25"]
[SourceQuality "1"]

1. c4 Nf6 2. Nc3 d5 3. cxd5 Nxd5 4. Nf3 g6 5. g3 Bg7 6. Bg2 Nxc3 7. bxc3 0-0 8. 0-0 c5 9. Rb1 Qa5 10. Qb3 Nc6 11. Bb2 Rb8 12. c4 e5 13. Qe3 Bf5 14. d3 Nd4 15. Nxd4 exd4 16. Qc1 Rfe8 17. Qc2 Qc7 18. Bc1 b6 19. Bf4 Be5 20. Bxe5 Rxe5 21. Qd2 Rbe8 22. Bf3 Qd6 23. a4 Bd7 24. a5 Rb8 25. axb6 Rxb6 26. Ra1 a6 27. Ra5 Bc6 28. Bxc6 Qxc6 29. e3 Re6 30. exd4 cxd4 31. Qf4 Qd6 32. Qxd6 Rbxd6 33. Rfa1 Kg7 34. R1a4 Re1+ 35. Kg2 Rd1 36. Ra3 Kf6 37. Kf3 Kg7 38. h4 Rd2 39. Rxa6 Rxa6 40. Rxa6 Rxd3+ 41. Ke4 Rd1 42. Rd6 f5+ 43. Ke5 d3 44. c5 Rc1 45. Rxd3 Rxc5+ 46. Kf4 Rc4+ 47. Kg5 0-1

[Event "FRA-ch U16 Girls"]
[Site "Le Grand Bornand"]
[Date "2007.04.??"]
[Round "7"]
[White "Rambourg, Juliette"]
[Black "Einhorn, Olympe"]
[Result "1-0"]
[WhiteElo "1809"]
[BlackElo "1550"]
[PlyCount "45"]
[EventDate "2007.04.07"]
[EventType "swiss"]
[EventRounds "9"]
[EventCountry "FRA"]
[SourceTitle "CBM 118 Extra"]
[Source "ChessBase"]
[SourceDate "2007.07.04"]
[SourceVersion "1"]
[SourceVersionDate "2007.07.04"]
[SourceQuality "1"]

1. d4 d5 2. c4 e6 3. Nc3 Nf6 4. Nf3 c5 5. cxd5 cxd4 6. Qxd4 Nxd5 7. e4 Nxc3 8. Qxc3 Nc6 9. Bb5 Bd7 10. 0-0 Qc7 11. Be3 e5 12. Bxc6 Bxc6 13. Nxe5 Rc8 14. Nxc6 Qxc6 15. Qxc6+ Rxc6 16. Bxa7 Be7 17. Rfc1 0-0 18. Rxc6 bxc6 19. a4 Rd8 20. h3 Bf6 21. Ra2 Rd2 22. a5 Kf8 23. Bb6 1-0

[Event "FRA-ch U14 Girls"]
[Site "Calvi"]
[Date "2005.04.18"]
[Round "2"]
[White "Rambourg, Juliette"]
[Black "Sunthor, Sunsinaroit"]
[Result "1-0"]
[WhiteElo "1870"]
[BlackElo "1600"]
[PlyCount "55"]
[EventDate "2005.04.??"]
[EventType "swiss"]
[EventRounds "9"]
[EventCountry "FRA"]
[SourceTitle "EXT 2006"]
[Source "ChessBase"]
[SourceDate "2005.11.24"]
[SourceVersion "1"]
[SourceVersionDate "2005.11.24"]
[SourceQuality "1"]

1. e4 e6 2. d4 d5 3. e5 c5 4. c3 Nc6 5. Nf3 Qb6 6. Bd3 cxd4 7. cxd4 Nxd4 8. Nxd4 Bc5 9. Nb3 Bxf2+ 10. Kf1 Ne7 11. Qe2 Bc5 12. Nxc5 Qxc5 13. Nd2 0-0 14. Nf3 b6 15. Be3 Qc7 16. Rc1 Qd7 17. Kf2 Bb7 18. Bxh7+ Kxh7 19. Ng5+ Kg8 20. Qh5 Rfd8 21. Qxf7+ Kh8 22. Qh5+ Kg8 23. Qh7+ Kf8 24. Qh8+ Ng8 25. Rhf1 Ke7 26. Qxg7+ Ke8 27. Qxg8+ Ke7 28. Qf7# 1-0

[Event "FRA-ch U14 Girls"]
[Site "Calvi"]
[Date "2005.04.17"]
[Round "1"]
[White "Calmettes, Emilie"]
[Black "Rambourg, Juliette"]
[Result "0-1"]
[WhiteElo "1510"]
[BlackElo "1870"]
[PlyCount "112"]
[EventDate "2005.04.??"]
[EventType "swiss"]
[EventRounds "9"]
[EventCountry "FRA"]
[SourceTitle "EXT 2006"]
[Source "ChessBase"]
[SourceDate "2005.11.24"]
[SourceVersion "1"]
[SourceVersionDate "2005.11.24"]
[SourceQuality "1"]

1. e4 d5 2. d3 Nf6 3. Bg5 e5 4. Nd2 Be7 5. g3 0-0 6. Ngf3 Nc6 7. Bg2 d4 8. 0-0 Ng4 9. Bxe7 Qxe7 10. Bh3 Nxf2 11. Rxf2 Bxh3 12. Nc4 f5 13. Qe2 Rf6 14. c3 Raf8 15. Re1 Rg6 16. exf5 Rxf5 17. Ncxe5 Rgf6 18. g4 Rf4 19. g5 Rf8 20. g6 Nxe5 21. Nxe5 Qg5+ 22. Rg2 Bxg2 23. Nf7 Qxg6 24. Ne5 Qg5 25. Qxg2 Qxg2+ 26. Kxg2 Rf2+ 27. Kg3 Rxb2 28. a4 dxc3 29. d4 Rff2 30. Nd3 Rxh2 31. Rc1 Rbc2 32. Rb1 b6 33. Kf4 Rcd2 34. Ke3 c2 35. Ra1 Rd1 36. Ra2 Rh3+ 37. Ke4 Rdxd3 38. Rxc2 Rde3+ 39. Kd5 g5 40. Rxc7 g4 41. Rc8+ Kg7 42. Rc7+ Kf6 43. Rc6+ Kf5 44. Rc7 Re8 45. Rf7+ Kg6 46. Rf4 Kg5 47. Re4 Rxe4 48. Kxe4 g3 49. d5 g2 50. d6 g1Q 51. d7 Qe3+ 52. Kd5 Qd2+ 53. Kc6 Rc3+ 54. Kb7 Qxd7+ 55. Ka6 Rc5 56. a5 Rxa5# 0-1

[Event "France-ch U12 Girls"]
[Site "Reims"]
[Date "2004.04.19"]
[Round "3"]
[White "Lemaitre, Delphine"]
[Black "Rambourg, Juliette"]
[Result "1-0"]
[WhiteElo "1590"]
[BlackElo "1430"]
[PlyCount "147"]
[EventDate "2004.04.??"]
[EventType "swiss"]
[EventRounds "9"]
[EventCountry "FRA"]
[SourceTitle "EXT 2005"]
[Source "ChessBase"]
[SourceDate "2004.11.15"]
[SourceVersion "1"]
[SourceVersionDate "2004.11.15"]
[SourceQuality "1"]

1. e4 d5 2. exd5 Qxd5 3. Nc3 Qa5 4. d4 Nf6 5. Nf3 Bg4 6. h3 Bxf3 7. Qxf3 Nc6 8. Bb5 0-0-0 9. Bxc6 bxc6 10. Be3 Qb6 11. Rb1 e6 12. d5 Bc5 13. Bxc5 Qxc5 14. dxc6 Rd6 15. 0-0 Qxc6 16. Qxc6 Rxc6 17. Rfe1 Re8 18. Re3 Rd6 19. Rg3 g6 20. Rf3 e5 21. Nb5 Rb6 22. Nxa7+ Kd7 23. Nb5 Rd8 24. Na3 Ke7 25. Rc3 c6 26. Nc4 Rb4 27. Re1 Nd7 28. b3 f6 29. Rce3 Nb6 30. Nxb6 Rxb6 31. f4 Rd2 32. fxe5 f5 33. R1e2 Rd1+ 34. Kf2 Rd4 35. Rd3 Rf4+ 36. Kg1 c5 37. g3 Rd4 38. Rxd4 cxd4 39. Kf2 Rb5 40. Rd2 Rd5 41. c4 Rd8 42. g4 Ke6 43. b4 Kxe5 44. Kf3 Rc8 45. c5 Rb8 46. a3 Rd8 47. Re2+ Kd5 48. gxf5 gxf5 49. Kf4 Kc4 50. Rd2 Kc3 51. Rg2 d3 52. Rg3 Kc2 53. c6 d2 54. Rg1 Rc8 55. b5 d1Q 56. Rxd1 Kxd1 57. Kxf5 Kc2 58. Ke6 Kb3 59. Kd7 Rg8 60. c7 Rg7+ 61. Kc6 Rg6+ 62. Kb7 Rg7 63. b6 Ka4 64. Kb8 Rg6 65. b7 Rg5 66. c8Q Rb5 67. Qg4+ Ka5 68. Ka8 Rb6 69. Qf5+ Rb5 70. Qxb5+ Kxb5 71. b8Q+ Ka6 72. Qb7+ Ka5 73. Ka7 Ka4 74. Qb4# 1-0